Language Quiz

Random Language or French Quiz

Translate the Canadian Words Quiz Stats

 Plays Quiz Updated Aug 8, 2017

Support Sporcle.
Go Orange.
Score 0/24 Timer 03:00
1 Play Today
% Correct
Arctic
98.4%
Igloo
97.1%
CN Tower
97.1%
Prime Minister
97%
Hockey rink
96.8%
North Pole
96.8%
Parliament Hill
95.8%
Syrup
94.9%
Polar bear
94.3%
Nova Scotia
94.2%
Lakes
93.4%
Blue jay
93.1%
% Correct
Oil
92.7%
I'm sorry
92.6%
Newfoundland
92.3%
Ice
91.9%
Cold
83.9%
Maple leaf
83.9%
Gold
79.5%
Fur
79.1%
Horse
78.3%
Snow
73.3%
Beaver
54.7%
Loon
47%

You're not logged in!

Compare scores with friends on all Sporcle quizzes.
OR
Log In
Forgot?

From the Vault

Star Wars Planet or Canadian National Park?

by Tom007

Thankfully, no Canadian National Parks are currently being targeted by the Death Star.
Remove Ads.
Support Sporcle.
Get the best of Sporcle when you Go Orange. This ad-free experience offers more features, more stats, and more fun while also helping to support Sporcle. Thank you for becoming a member.

Show Comments

Extras

Top Quizzes Today


Score Distribution

Your Account Isn't Verified!

In order to create a playlist on Sporcle, you need to verify the email address you used during registration. Go to your Sporcle Settings to finish the process.

Report this User

Report this user for behavior that violates our Community Guidelines.

Details: